| 000 | 00647nam a2200181Ia 4500 | ||
|---|---|---|---|
| 003 | GCL | ||
| 008 | 140319s9999 xx 000 0 ara d | ||
| 040 |
_aGCL / _cGCL |
||
| 082 | 0 | 4 |
_a814.008 _bا غ |
| 100 | 1 | _aانيس منصور | |
| 245 | 1 | 0 |
_aغريب فى بلاد غريبة : بلاد اللة خلق اللة , اطيب تحياتى من موسكو , اليمن ... ذلك المجهول , ايام فى الجزائر البيضاء / _cانيس منصور |
| 300 | _a318 ص | ||
| 490 | _a | ||
| 650 | 0 | 4 | _aالرحلات |
| 650 | 0 | 4 | _aالرحلات فى الادب |
| 650 | 0 | 4 | _aالعالم - وصف ورحلات |
| 942 |
_2ddc _cBK |
||
| 999 |
_c39627 _d39627 |
||